[Event "3rd Gujarat GM Open 2022"]
[Site "Ahmedabad"]
[Date "2022.04.05"]
[Round "8.2"]
[White "Neelotpal, Das"]
[Black "Delgado Ramirez, Neuris"]
[Result "1-0"]
[WhiteElo "2409"]
[BlackElo "2615"]
[Annotator "TA"]
[PlyCount "53"]
[EventDate "2022.03.31"]
[EventType "swiss"]
[EventCountry "IND"]
[SourceTitle "playchess.com"]
[Source "ChessBase"]
[SourceQuality "1"]

{[%evp 10,53,25,9,31,22,24,27,53,45,47,39,52,37,50,44,76,46,45,18,58,26,137,135,120,114,111,97,166,163,271,256,280,283,323,348,342,313,325,333,731,713,1166,1121,1099,987]} 1. e4 c5 2. Nf3 {[%cal Bg1f3,Bf3d4,Bd4b3][%mdl 32]} d6 3. d4 cxd4 4. Nxd4 Nf6 5. Nc3 a6 6. a3 g6 {B90: Sicilian Najdorf: Unusual White 6th moves, 6 Be3 Ng4 and 6 Be3 e5.} 7. f3 {[#]} h5 $146 ({Predecessor:} 7... Bg7 8. Be3 b5 9. Qd2 h5 10. a4 b4 11. Na2 a5 12. c3 bxc3 13. Bb5+ Bd7 14. Nxc3 {1-0 (55) Carlsen,M (2872)-Aronian,L (2775) London 2019}) 8. Be3 e5 {White has an edge.} 9. Nb3 Be6 10. Qd2 Nbd7 11. O-O-O Nc5 12. Nxc5 dxc5 13. Qf2 Qc7 14. Qh4 Nd7 15. Bg5 Bh6 (15... b5 $11) 16. Bxh6 $16 Rxh6 17. Qg5 $40 {[%mdl 128] White is out for blood.} Rh8 18. Nd5 {&Bianco is more active.} Bxd5 (18... Qd8 $16 {was worth a try.} 19. Qe3 Kf8) 19. Rxd5 $18 h4 {[#]} (19... Qd8 $142 20. Rxe5+ Kf8) 20. Be2 $1 {[%cal Of3f4] Black must now prevent f4!} Rh5 21. Qe3 Rc8 22. Rhd1 Nf6 23. Rd6 Qe7 24. f4 exf4 $2 {[#]} (24... Rh7 25. f5 Rc6 26. Rxc6 bxc6 27. fxg6 (27. Bxa6 gxf5 28. exf5 Nd5 $18) 27... fxg6) 25. Qh3 {White is clearly winning.} Rb8 26. Bxh5 Nxh5 27. Qc3 {Weighted Error Value: White=0.07 (flawless) /Black=0.34} 1-0

[Event "3rd Gujarat GM Open 2022"]
[Site "Ahmedabad"]
[Date "2022.04.05"]
[Round "8.3"]
[White "Vignesh N R"]
[Black "Stany, G.A."]
[Result "0-1"]
[WhiteElo "2444"]
[BlackElo "2517"]
[Annotator "TA"]
[PlyCount "72"]
[EventDate "2022.03.31"]
[EventType "swiss"]
[EventCountry "IND"]
[SourceTitle "playchess.com"]
[Source "ChessBase"]
[SourceQuality "1"]

{[%evp 14,72,21,28,39,28,14,19,22,19,22,36,31,31,34,0,0,0,0,0,2,-12,-10,-15,-8,-28,7,8,10,16,15,10,69,54,116,4,4,0,0,0,0,0,0,-33,-36,-37,-43,-239,-66,-59,-42,-46,-25,-31,-18,-554,-547,-643,-579,-29998,-29999]} 1. d4 Nf6 2. c4 e6 3. g3 d5 4. Bg2 dxc4 5. Nf3 Bd7 6. Ne5 Bc6 7. Nxc6 Nxc6 8. e3 Qd7 {E04: Open Catalan: 5 Nf3.} 9. O-O {[%mdl 1024] White has compensation.} Rd8 {9...0-0-0 is vanishing.} 10. Qc2 b5 {The position is equal.} 11. b3 Nb4 12. Qe2 cxb3 13. axb3 c6 14. Ba3 {[#]} Be7 $146 ({Predecessor:} 14... Nfd5 15. e4 Nb6 16. Rd1 Be7 17. Qd2 a5 18. Bb2 a4 19. Bc3 c5 20. dxc5 Qxd2 21. Rxd2 Rxd2 22. Nxd2 Bxc5 23. Bxg7 {0-1 (42) Shauken,A (1685)-Kairbekova,A (1954) Almaty 2019}) 15. Rc1 {Hoping for Bxb4.} Rc8 16. Nd2 {[%cal Bb1d2,Bd2f3,Bf3e5][%mdl 32]} O-O 17. Bxb4 Bxb4 18. Nf3 Bd6 19. e4 {[%cal Be3e4,Be4d5][%mdl 32] Black must now prevent e5.} Be7 20. Ra6 {Black should prevent Ne5.} c5 21. d5 exd5 22. Ne5 Qe8 (22... Qb7 $11 23. Rca1 Rce8) 23. exd5 $14 Bd8 ({Not} 23... Rd8 24. Nc6 (24. Rxa7 Bd6 $11) 24... Bd6 25. Qxb5 $16) (23... c4 $1 $14) 24. Rxa7 (24. Bh3 $16 Bb6 25. Bxc8 Qxc8 26. Qxb5) 24... Bc7 $11 25. f4 c4 26. Rb7 {Against Bb6+} Bxe5 27. fxe5 cxb3 28. Re1 Rc2 29. Qxb5 b2 30. Qf1 $2 {[#]} ({White should play} 30. Qxe8 $15 Rxe8 31. Kf1) 30... Ng4 $2 ({Black should try} 30... Qc8 $1 $19 31. Rb5 (31. Rxb2 Rxb2) 31... Ng4) 31. Be4 $1 $15 Rc1 {Strongly threatening ...Qa4. Chess con chili.} (31... Rxh2 $2 32. Qf5 Qa8 {[#]} 33. Qxg4 $1 $18) 32. Rxc1 bxc1=Q 33. Qxc1 {[%cal Oe5e6]} Qxe5 {( -> ...Qd4+)} 34. Qf4 $2 {[%mdl 8192]} (34. Bf3 $11) 34... Qd4+ $19 35. Kg2 {Bxh7+ is the strong threat.} f5 $1 36. Bf3 Qf2+ {Weighted Error Value: White=0.66/Black=0.16 (very precise)} 0-1

[Event "3rd Gujarat GM Open 2022"]
[Site "Ahmedabad"]
[Date "2022.04.05"]
[Round "8.4"]
[White "Abdisalimov, Abdimalik"]
[Black "Mirzoev, Azer"]
[Result "1-0"]
[WhiteElo "2435"]
[BlackElo "2468"]
[Annotator "TA"]
[PlyCount "75"]
[EventDate "2022.03.31"]
[EventType "swiss"]
[EventCountry "IND"]
[SourceTitle "playchess.com"]
[Source "ChessBase"]
[SourceQuality "1"]

{[%evp 16,75,23,22,26,31,25,18,30,28,21,6,25,30,46,46,47,48,68,52,57,42,54,32,32,16,29,17,32,28,34,37,34,38,50,36,51,50,100,88,166,96,103,85,154,106,102,99,96,95,112,0,96,102,127,5,148,92,186,175,1195,1158]} 1. e4 e5 2. Nf3 Nc6 3. Bb5 Nf6 4. d3 d6 5. O-O Bd7 6. c3 a6 7. Ba4 g6 {7...g6 is better than 7...Be7.} 8. h3 Bg7 9. Be3 O-O {C72: Ruy Lopez: Deferred Steinitz: 5 0-0.} 10. Nbd2 {[%cal Bb1d2,Bd2f1,Bf1g3][%mdl 32]} Re8 11. Re1 h6 {The position is equal.} 12. Nf1 d5 13. Ng3 {[#]} Kh7 $146 ({Predecessor:} 13... b5 14. Bc2 Rb8 15. Qd2 Kh7 16. Rad1 Be6 17. d4 exd4 18. Nxd4 Nxd4 19. Bxd4 dxe4 {½-½ (41) Jakovenko,D (2748)-Tomashevsky,E (2702) Satka 2018}) 14. b4 b5 15. Bb3 Be6 16. a4 Bf8 17. Qb1 Qd7 18. Bd2 Rad8 19. axb5 axb5 20. Ra6 dxe4 21. dxe4 Bxb3 22. Qxb3 Re6 {[%cal Oc6d4]} 23. Rea1 Kg7 24. Be3 Qc8 {[%cal Oc6d4]} 25. Qa2 (25. Rxc6 Rxc6 26. Nxe5 Qe6 27. Qxe6 Rxe6 28. Bxh6+ Kg8 29. Bxf8 Kxf8 $15) 25... Red6 26. Kh2 (26. Rxc6 Rxc6 27. Nxe5 Re6 28. Bxh6+ Kg8 29. Bxf8 Rxe5 $11) 26... Qe6 (26... Re6 $14) 27. Qe2 $16 Rd3 (27... Nd4 $16 28. Nxd4 (28. cxd4 Rxa6 29. d5 Nxd5 $11) 28... exd4 29. Rxd6 Bxd6 30. Bxd4 Be5) 28. R1a3 (28. c4 $18 Qe8 29. cxb5 Nxb4 30. R6a5 (30. Bxh6+ Kxh6 31. Nf5+ Kh7 $16)) 28... Qe8 29. Rxc6 Qxc6 {[#]} ({Better is} 29... Rxe3 30. Qxe3 (30. Qxb5 Bxb4 31. fxe3 Bxa3 $15) 30... Qxc6) 30. Nxe5 ({White should try} 30. Bxh6+ $1 {[%mdl 512]} Kxh6 (30... Kg8 31. Nxe5) 31. Nxe5) 30... Rxe3 31. Qxe3 ({Of course not} 31. Nxc6 $6 Rxe2 32. Nxe2 Rd2 $11) 31... Qe6 32. Nf3 Qc4 33. Ne5 {Prevents Rd3.} Qe6 {[#]} 34. f4 $36 {[%cal Bf2f4,Bf4e5][%mdl 2080] Keeping Black busy.} Re8 35. Qd4 (35. Ra5 $16) 35... Be7 (35... Kg8 $11) 36. Ra5 {&Bianco is more active.} (36. Nf3 $142) 36... Rd8 {[#]} (36... h5 $16) 37. Qe3 $1 $18 Qxe5 $2 (37... Nd7) 38. fxe5 {Weighted Error Value: White=0.22 (precise) /Black=0.28 (precise)} 1-0

[Event "3rd Gujarat GM Open 2022"]
[Site "Ahmedabad"]
[Date "2022.04.05"]
[Round "8.5"]
[White "Laxman, R.R."]
[Black "Krishna C R G"]
[Result "1/2-1/2"]
[WhiteElo "2429"]
[BlackElo "2466"]
[Annotator "TA"]
[PlyCount "100"]
[EventDate "2022.03.31"]
[EventType "swiss"]
[EventCountry "IND"]
[SourceTitle "playchess.com"]
[Source "ChessBase"]
[SourceQuality "1"]

{[%evp 11,100,0,7,-12,-9,-12,-3,-8,0,0,0,0,6,-4,8,-8,-12,-22,-18,-20,-24,-23,-27,-25,-22,-55,-40,-47,-57,-50,-41,-31,-47,-35,-2,-14,5,12,0,0,32,43,28,-12,30,56,50,45,50,39,39,15,46,30,77,77,77,70,74,76,77,71,71,73,73,36,81,72,68,67,75,29,34,42,42,40,41,19,28,28,25,8,19,8,38,8,8,8,8,8,32]} 1. d4 Nf6 2. Nf3 d5 3. c4 e6 4. Nc3 Nbd7 5. e3 Be7 6. a3 O-O 7. c5 {D37: Queen's Gambit Declined: 5 Bf4.} c6 8. b4 Qc7 9. Be2 e5 10. O-O e4 11. Nd2 {[#]} Re8 $146 ({Predecessor:} 11... Ne8 12. Qa4 f5 13. b5 Nef6 14. bxc6 bxc6 15. Rb1 Bb7 16. Ba6 Bxa6 17. Qxa6 Rfb8 {½-½ (48) Lode,M (1041)-Nilsen,J (1066) Bergen 2005}) 12. f3 exf3 13. Bxf3 Nf8 14. e4 dxe4 15. Ndxe4 Bf5 16. Ng3 Bg6 17. Ra2 Rad8 18. Rd2 Ne6 19. d5 cxd5 {...d4 is the strong threat.} 20. Nxd5 Nxd5 21. Rxd5 Bf6 {Against Bb2} 22. Kh1 Be5 23. Be3 Bxg3 24. hxg3 Qxg3 {[%cal Og6e4]} 25. Bf2 Qf4 (25... Qc7 $5 {[%cal Re6g5]}) 26. Re1 $1 {[%mdl 1024] Prevents Be4. White has compensation.} Qf6 {[%cal Og6h5]} 27. Qa1 {[#] Strongly threatening Qxf6.} Qe7 (27... Qxf3 $5 28. gxf3 Rxd5 $11) 28. Qe5 h6 29. Rd6 Rxd6 30. cxd6 Qd7 {[%cal Oe6c7]} 31. Bg3 Rc8 32. Re3 Ng5 (32... Kh7 $11) 33. Qe7 $16 {&Bianco is more active.} Rc1+ 34. Re1 Rxe1+ 35. Bxe1 {This bishop pair is nice.} Bf5 {[#]} 36. Qxd7 $1 ({Much worse is} 36. Bxb7 Qb5 $11) 36... Bxd7 37. Bxb7 {[%cal Ob4b5][%mdl 4096] Endgame KBB-KBN} f5 38. Bd5+ Kh7 39. Bg3 Kg6 40. Bf2 a6 41. Bc4 ({White should try} 41. Bb7 $16) 41... Ne4 $11 {[%csl LRd6,LRf2]} 42. Bd4 {Black must now prevent Be5.} Nxd6 43. Bxa6 Ba4 $1 44. Kg1 Nb5 45. Bb2 Kf7 46. Kf2 g5 47. Bb7 Nc7 48. Be5 Nb5 {The position is equal.} 49. Bd5+ Ke7 50. Bb2 Nc7 {Weighted Error Value: White=0.08 (flawless) /Black=0.07 (flawless)} 1/2-1/2

[Event "3rd Gujarat GM Open 2022"]
[Site "Ahmedabad"]
[Date "2022.04.05"]
[Round "8.6"]
[White "Harsha Bharathakoti"]
[Black "Audi Ameya"]
[Result "1-0"]
[WhiteElo "2499"]
[BlackElo "2418"]
[Annotator "TA"]
[PlyCount "135"]
[EventDate "2022.03.31"]
[EventType "swiss"]
[EventCountry "IND"]
[SourceTitle "playchess.com"]
[Source "ChessBase"]
[SourceQuality "1"]

{[%evp 9,135,4,48,43,53,53,60,66,65,68,58,66,74,61,111,109,118,122,152,162,155,159,148,152,185,172,185,106,216,197,231,215,285,322,316,316,324,249,334,306,357,366,402,394,437,197,387,398,496,472,472,470,497,494,483,481,547,560,522,421,419,401,612,507,508,503,518,488,498,342,463,369,443,393,494,398,385,375,433,439,430,425,684,676,675,674,685,660,623,612,770,743,791,777,777,767,802,801,782,681,966,942,912,906,2620,2496,2627,2051,29965,29967,29974,29975,29974,29974,29978,29978,29979,29980,29980,29980,29980,29981,29980,29979,29984,29985,29985,29986]} 1. Nf3 Nf6 2. b3 g6 3. Bb2 Bg7 4. e3 O-O 5. d4 {[%cal Bd2d4,Bd4c5][%mdl 32]} c5 6. dxc5 {A48: 1 d4 Nf6 2 Nf3 g6: Torre, London and Colle Systems.} Qa5+ 7. c3 {[%cal Bc2c3,Bc3c4][%mdl 32]} Nc6 8. b4 {White is slightly better.} Qc7 9. Nbd2 {[#]} b6 $146 ({Predecessor:} 9... a5 10. a3 Rd8 11. Be2 d6 12. cxd6 Qxd6 13. O-O Bf5 14. Nd4 e5 15. N4f3 e4 {1-0 (40) Eichner,D (2106)-Usmanoff,R (2283) LSS email 2015}) 10. cxb6 axb6 11. a3 e5 ({Black should play} 11... Ne5 $14) 12. c4 $1 $16 Re8 13. Be2 e4 {[#]} 14. Nd4 ({Don't play} 14. Ng5 $6 h6 15. Bxf6 Bxf6 16. Ngxe4 Be5 $14) 14... Ne5 15. Rc1 h5 16. h3 Ba6 17. O-O Qb8 18. N2b3 ({Better is} 18. a4 $18) 18... d5 {[#]} (18... Qd8 $16 19. b5 Bb7) 19. b5 $1 $18 Bb7 20. c5 bxc5 21. Nxc5 Nfd7 22. Nxd7 Nxd7 23. Qb3 Qd6 24. a4 Qb6 25. Ra1 Rec8 26. Qb4 Ra5 27. Nb3 Bxb2 $2 (27... Rxa4 {might work better.} 28. Rxa4 Bxb2) 28. Qxa5 Qd6 29. Qd2 Bc3 30. Qa2 d4 31. Nxd4 Bd5 32. Qc2 {[%cal Od4c6] And now Nc6! would win.} Nb6 33. Qd1 Ra8 34. Rc1 Bb2 35. Rc2 Qa3 (35... Ba3 $142 36. Nc6 Rxa4) 36. a5 Rxa5 37. Qd2 Ba1 38. Nc6 Ra4 39. Rfc1 Kh7 40. Nd4 h4 41. Rb1 Qd6 42. Rcc1 Bxd4 43. exd4 Ra2 44. Rc2 e3 45. fxe3 Rxc2 (45... Qg3 $142 46. Bf1 Rxc2 47. Qxc2 Qxe3+ 48. Qf2 Qg5) 46. Qxc2 Qg3 {[%csl Gd5][%cal Rg3g2]} 47. Bf1 Qxe3+ 48. Qf2 Qg5 49. Re1 Kg7 50. Qe3 Qd8 51. Qe8 Qf6 52. Qe5 Qxe5 53. Rxe5 {[%mdl 4096] Endgame KRB-KBN} Kf8 54. Be2 f6 55. Re3 g5 56. Kf2 Bf7 57. Ra3 {Hoping for Ra6.} Ke7 58. Ra6 Nd7 59. Bg4 {White mates.} Bc4 60. Bxd7 Kxd7 61. Rxf6 Bxb5 {KR-KB} 62. Rf5 {[%csl LRb5,LRg5]} Ba4 63. Rxg5 Bd1 64. Rg7+ Ke6 65. Rh7 Kf6 66. Rxh4 Kg5 67. Re4 Bc2 68. Re5+ {Weighted Error Value: White=0.22 (precise) /Black=0.44} 1-0

[Event "3rd Gujarat GM Open 2022"]
[Site "Ahmedabad"]
[Date "2022.04.05"]
[Round "8.7"]
[White "Venkatesh, M.R."]
[Black "Gusain, Himal"]
[Result "1-0"]
[WhiteElo "2493"]
[BlackElo "2408"]
[Annotator "TA"]
[PlyCount "81"]
[EventDate "2022.03.31"]
[EventType "swiss"]
[EventCountry "IND"]
[SourceTitle "playchess.com"]
[Source "ChessBase"]
[SourceQuality "1"]

{[%evp 9,81,21,34,27,33,37,42,29,66,13,57,47,31,26,100,97,101,0,0,0,0,0,37,20,19,15,17,-30,-14,-43,26,60,34,49,83,0,285,312,313,343,314,262,550,536,730,667,1000,963,1385,1326,2031,1508,1400,1382,5421,5414,1754,5265,2704,2558,2206,2018,1247,840,4794,3197,29992,29993,29995,29996,29996,29991,29997,29998]} 1. e4 d6 2. d4 Nf6 3. Nc3 e5 4. Nge2 Be7 5. h3 O-O 6. g4 {B07: Pirc Defence: Miscellaneous Systems.} exd4 7. Qxd4 Nc6 8. Qd1 {White is slightly better.} b5 9. Bg2 (9. g5 $14) 9... Rb8 {[#]} (9... b4 $5 {[%cal Rb4c3]} 10. Nd5 (10. e5 Nxe5 11. g5 bxc3 $17) 10... Ba6 $11) 10. Ng3 $146 ({Predecessor:} 10. g5 Nd7 11. f4 Re8 12. O-O b4 {½-½ (12) Urazayev,A (2433)-Yudin,S (2497) Pavlodar 2019}) 10... b4 11. Nce2 Ne5 (11... a5 $11 {remains equal.}) 12. g5 $16 Ne8 13. O-O (13. f4 $16) 13... Ng6 $11 14. Nd4 Rb6 {Inhibits Nc6.} (14... Bxg5 $2 15. Nc6 Qf6 16. Nxb8 $18) 15. f4 {[%cal Bf2f4,Bf4f5][%mdl 32]} f6 {[%cal Rf6g5]} 16. f5 (16. Nc6 $5 Qd7 17. Nxe7+ (17. Nxa7 Ba6 $17) 17... Qxe7 18. Nf5 $14) 16... Ne5 17. g6 $1 hxg6 18. Be3 (18. fxg6 $142 Nxg6 19. a3) 18... c5 19. Nf3 {[%cal Bd4f3,Bf3h4,Bh4g6][%mdl 32]} (19. Nc6 $5 Rxc6 20. fxg6 $11) 19... gxf5 (19... d5 $15) 20. exf5 {Nh4 is the strong threat.} Nc7 21. Nh4 {aiming for Qh5.} Qe8 {[%cal Od6d5]} 22. Bf3 {Against d5} (22. Nh5 $16) 22... Nxf3+ $4 {[%mdl 8192] White stays focused until the end.} (22... Qf7 $1 $11 {and Black stays safe.}) 23. Qxf3 $18 Bb7 ({Weaker is} 23... Ba6 24. Rfe1 Qc6 25. Qg4 $18) 24. Qg4 Qc6 {[%cal Ob4b3]} 25. Rf2 d5 $2 (25... Re8 {keeps fighting.} 26. Ng6 (26. Bh6 Bf8 $18) 26... b3) 26. Ng6 Bd6 {[#]} 27. Bh6 $1 {[%mdl 512]} Ne8 (27... Rf7 28. Bf4) 28. Re1 {[%cal Og4h5]} ({Not} 28. Nxf8 Kxf8 29. Bf4 Be5 $16) 28... Qd7 29. Bf4 Be5 30. Qh5 {Qh8+ would kill now.} Qd6 31. Rfe2 {[%cal Rf4e5]} c4 32. Bxe5 fxe5 33. Rxe5 {Intending Qh8+ and mate.} Qc5+ 34. R1e3 {Threatening mate with Qh8+.} Rxg6 35. fxg6 {[%csl Gg6][%cal Rh5h7]} Nf6 {Inhibits Qh7+.} 36. Qh4 Bc8 37. Nh5 {White wants to mate with Nxf6+.} Nd7 38. Re7 {White mates.} Rf3 39. Rxg7+ Kh8 40. Rh7+ Kg8 {[#]} 41. Nf6+ $1 {[%mdl 512] Weighted Error Value: White=0.20 (precise) /Black=0.71} 1-0

[Event "3rd Gujarat GM Open 2022"]
[Site "Ahmedabad"]
[Date "2022.04.05"]
[Round "8.8"]
[White "Sidhant, Mohapatra"]
[Black "Neelash Saha"]
[Result "1/2-1/2"]
[WhiteElo "2359"]
[BlackElo "2445"]
[Annotator "TA"]
[PlyCount "60"]
[EventDate "2022.03.31"]
[EventType "swiss"]
[EventCountry "IND"]
[SourceTitle "playchess.com"]
[Source "ChessBase"]
[SourceQuality "1"]

{[%evp 10,60,0,0,0,-15,-17,-19,0,-24,-35,-24,0,0,15,18,18,11,11,11,11,9,10,6,9,10,5,2,0,-4,12,11,13,7,18,0,0,0,5,0,2,3,3,0,7,7,5,0,0,0,0,0,0]} 1. d4 d5 2. Nf3 Nf6 3. c4 e6 4. g3 Bb4+ 5. Nbd2 dxc4 6. Bg2 (6. a3 $5 {[%cal Ra3b4]} Bxd2+ 7. Bxd2 $11) 6... b5 {Prevents Qa4. E04: Open Catalan: 5 Nf3.} 7. a4 c6 8. O-O O-O 9. b3 c3 10. Nb1 Bb7 11. Qc2 {The position is equal.} c5 12. Nxc3 bxa4 13. dxc5 axb3 14. Qxb3 a5 {[#]} 15. Ba3 $146 ({Predecessor:} 15. Bf4 Nbd7 16. Bd6 Re8 17. Rfd1 Qc8 18. Na4 Ne4 19. Rac1 Bd5 20. Qe3 Nxd6 21. cxd6 {0-1 (61) Landa,K (2645)-Movsesian,S (2659) Czech Republic 2015}) 15... Na6 16. Bxb4 axb4 17. Na4 Nd7 18. Qc2 {[#] Hoping for c6.} Bd5 19. c6 Nf6 20. Rfd1 b3 21. Qb2 Qc7 22. Nc3 Bxc6 {White must now prevent ...Nc5.} 23. Qxb3 Rab8 24. Qc4 Bxf3 25. Qxc7 Nxc7 26. Bxf3 Nb5 27. Nxb5 Rxb5 28. Rab1 Rxb1 29. Rxb1 g6 30. h4 Kg7 {A balanced but interesting game.  Weighted Error Value: White=0.04 (flawless) /Black=0.04 (flawless)} 1/2-1/2

[Event "3rd Gujarat GM Open 2022"]
[Site "Ahmedabad"]
[Date "2022.04.05"]
[Round "8.9"]
[White "Konguvel, Ponnuswamy"]
[Black "Nitin, S.."]
[Result "1/2-1/2"]
[WhiteElo "2358"]
[BlackElo "2427"]
[Annotator "TA"]
[PlyCount "62"]
[EventDate "2022.03.31"]
[EventType "swiss"]
[EventCountry "IND"]
[SourceTitle "playchess.com"]
[Source "ChessBase"]
[SourceQuality "1"]

{[%evp 21,62,18,12,18,30,29,19,25,38,40,35,0,44,2,26,-33,-27,-18,-18,-14,23,28,27,-20,0,0,0,0,0,58,34,-25,-13,-18,-20,-21,-22,-24,-24,-22,-22,-24,0]} 1. e4 c5 2. Nf3 d6 3. d4 cxd4 4. Nxd4 Nf6 5. Nc3 a6 6. Be3 Ng4 7. Bc1 Nf6 8. f3 e5 9. Nb3 Be6 10. Be3 h5 11. Qd2 Nbd7 12. Nd5 {B90: Sicilian Najdorf: Unusual White 6th moves, 6 Be3 Ng4 and 6 Be3 e5.} Bxd5 13. exd5 g6 14. O-O-O {The position is equal.} Qc7 15. Kb1 Bg7 16. c4 {16.g3 is a critical line.} b6 17. Bd3 Nc5 {[#]} 18. f4 $146 (18. Bxc5 $11 bxc5 19. Na5) ({Predecessor:} 18. Rhe1 O-O 19. h3 Rfe8 20. f4 exf4 21. Bxf4 Nfe4 22. Bxe4 Rxe4 23. Rxe4 Nxe4 24. Qc2 Re8 25. Re1 f5 26. Rc1 {0-1 (46) Tournier,M (2253)-Abreu Delgado,A (2502) Mislata 2008}) 18... Nxd3 19. Qxd3 Ng4 20. f5 Nxe3 21. Qxe3 Qxc4 22. Rhf1 (22. fxg6 {should be considered.} O-O 23. Nd2) 22... Bh6 (22... Rc8 $2 23. Rc1 Qxc1+ 24. Nxc1 $18) (22... gxf5 $11 23. Rxf5 O-O) 23. Qxb6 $14 O-O {[%cal Oa6a5]} (23... Rc8 $2 24. Qxd6 Qc7 25. Qxc7 Rxc7 26. d6 $18) 24. Qxd6 Qe4+ 25. Ka1 {Black must now prevent Nc5.} Rfd8 {[#]} 26. Qf6 (26. Nc5 $1 $14 Qb4 (26... Qe2 27. Nd7) 27. Qc6 (27. a3 Qxb2+ 28. Kxb2 Rxd6 $11)) 26... Bg7 $11 27. Qg5 (27. Qb6 {seems wilder.} Rxd5 28. fxg6 Rxd1+ 29. Rxd1 fxg6 30. a3) 27... Rxd5 28. Rxd5 Qxd5 29. fxg6 fxg6 30. Qxg6 e4 31. Nd4 Qxd4 {Weighted Error Value: White=0.19 (very precise) /Black=0.09 (flawless)} 1/2-1/2

[Event "3rd Gujarat GM Open 2022"]
[Site "Ahmedabad"]
[Date "2022.04.05"]
[Round "8.10"]
[White "Anuj Shrivatri"]
[Black "Hesham, Abdelrahman"]
[Result "1-0"]
[WhiteElo "2350"]
[BlackElo "2425"]
[Annotator "TA"]
[PlyCount "81"]
[EventDate "2022.03.31"]
[EventType "swiss"]
[EventCountry "IND"]
[SourceTitle "playchess.com"]
[Source "ChessBase"]
[SourceQuality "1"]

{[%evp 14,81,5,12,24,0,0,0,19,22,17,0,-1,-24,0,-13,-8,-21,-15,-19,10,0,0,0,61,48,35,11,89,82,68,76,89,91,311,-18,-5,-5,-13,-29,-29,-25,-27,-53,-50,-52,0,0,0,0,0,0,20,26,25,18,958,1347,1038,608,602,497,606,573,1117,1110,1083,1046,950,887]} 1. d4 Nf6 2. c4 g6 3. Nc3 Bg7 4. e4 d6 5. Be2 O-O 6. h4 {[%cal Bh2h4,Bh4h5,Bh5h6][%mdl 32]} c5 {6...c5 scores better than 6...h5.} 7. d5 e6 8. h5 exd5 {E73: King's Indian: Averbakh Variation without 6...c5.} 9. exd5 Nbd7 10. Kf1 Ne5 {The position is equal.} 11. h6 Bh8 12. Bg5 {[%cal Oc3e4] [#]} Qb6 $146 ({Predecessor:} 12... Re8 13. g3 a6 14. Kg2 Bd7 15. a4 Bf5 16. f3 Qb6 17. b3 Qa5 18. Rc1 Bc8 {1-0 (37) Pareschi,R (1950)-Teverovski,B (2081) FICGS email 2017}) 13. b3 a6 (13... Nfg4 {seems wilder.} 14. Qc2 f5 15. Rd1 Re8) 14. Nf3 Nxf3 15. Bxf3 Re8 16. Rc1 Bf5 17. g4 Bc8 (17... Ne4 $2 18. Bxe4 Bxe4 19. f3 $18) 18. Kg2 Nd7 (18... Qa5 $11) 19. Re1 {&Bianco is more active.} Ne5 20. Be2 f5 {[#]} (20... Nxg4 $2 21. Bxg4 Rxe1 22. Qxe1 $18) (20... Qc7 $11) 21. f4 $1 $16 Nf7 {Strongly threatening ...Qa5.} (21... Nxg4 $2 22. Bxg4 Bd7 23. Be2 $18) 22. Bd3 $1 {[%cal Re1e8]} (22. Na4 Qa5 23. Bd3 Bd7 24. gxf5 gxf5 $15) 22... Bd7 (22... Rxe1 $2 23. Qxe1 Bd7 24. gxf5 Nxg5 25. fxg6 (25. fxg5 Re8 $11) 25... hxg6 26. Bxg6 (26. fxg5 Be5 $18) 26... Bh3+ 27. Kh1 $18) 23. gxf5 gxf5 {[#]} (23... Nxg5 $16 24. fxg5 gxf5) 24. Kh1 $2 (24. Qh5 $1 $18) 24... Rxe1+ $11 25. Qxe1 Nxg5 26. Qg1 {[%mdl 64] [#] Pin} Qd8 {[%cal Oh8f6] White must now prevent ...Bf6!} 27. Ne2 {[%cal Bc3e2,Be2f4,Bf4e6][%mdl 32] [#]} Qe7 $1 {[%cal Oh8f6]} 28. fxg5 (28. Rf1 Re8) 28... Be5 {Hoping for ...Qe8.} 29. Rf1 Rf8 (29... Qf7 $15 30. Nf4 Bxf4 31. Rxf4 Qh5+ 32. Qh2 Qxg5) 30. Nf4 Kh8 31. Qg3 $36 {[%mdl 2048] White has some pressure.} Be8 32. Qh4 Rg8 33. Ne6 ({Wrong is} 33. Bxf5 $2 Rxg5 34. Qh3 Bxf4 35. Rxf4 Rh5 $19) 33... f4 34. Nxf4 {aiming for Ne6.} Rxg5 $2 {[%mdl 8192]} (34... Qxg5 $11 35. Qxg5 (35. Ng6+ $2 Bxg6 36. Qxg5 Bxd3 $19) 35... Rxg5) 35. Nh3 $18 {White is clearly winning.} Bf6 36. Nxg5 Bxg5 37. Qh3 Bf7 38. Bc2 {And now Qc3+ would win.} Bg8 39. Qc3+ Qe5 40. Qxe5+ dxe5 41. d6 {Weighted Error Value: White=0.37/Black=0.30} 1-0